000 00855nam a2200289 a 4500
001 24407
003 CO-ViMGA
008 141112s2004 ck r 000 u spa d
020 _a9789581413553
040 _aCO-ViMGA
_bspa
_cCO-ViMGA
041 _aSPA
090 _aA CAS16
100 1 _aCasas, Lola
_935972
245 1 0 _aErnesto, el león hambiento /
_cLola Casas y Gusti ; ilustraciones Gusti
250 _a2a ed.
260 _aBogotá :
_bSerres,
_c2011
300 _a32 p. il. col. : il.
650 1 4 _aANIMALES - LIBROS DE IMAGENES
_935973
650 1 4 _aANIMALES EN LA LITERATURA
_9853
650 1 4 _aAUTORES ESPAÑOLES
_9727
650 1 4 _aCUENTOS ESPAÑOLES
_95885
650 1 4 _aLEER ES MI CUENTO - COLECCION 2011
_935974
650 1 4 _aLITERATURA INFANTIL
_92746
700 1 _aGusti
_935975
700 1 _aGusti
_935975
942 _2ddc
_cBK
999 _c2304
_d2304